Bytový dom

Salvato in:
Dettagli Bibliografici
Autore principale: Gudjončíková, Jennifer (Autore)
Altri autori: Palková, Adela (Relatore della tesi)
Natura: Manoscritto Libro
Lingua:slovacco
Pubblicazione: 2025
Soggetti:
Accesso online:http://is.stuba.sk/zp/portal_zp.pl?podrobnosti=186109
CRZP
Tags: Aggiungi Tag
Nessun Tag, puoi essere il primo ad aggiungerne!!

MARC

LEADER 00000ntm a22000003a 4500
001 stuzp104719
003 SK-STU
005 20250722154347.2
007 ta
008 150427s2015----xo-----f-mn---000-0-slo-d
040 |a STU  |b slo 
041 0 |a slo 
100 1 |a Gudjončíková, Jennifer  |u 010180  |4 aut  |U SvF Stavebná fakulta  |T SvF Katedra konštrukcií pozemných stavieb  |X 110119  |U V180  |Y 18  |7 110119 
242 0 1 |a Residential building  |y eng 
245 1 0 |a Bytový dom 
260 |c 2025 
650 4 |a bytový dom  |2 slo 
650 4 |a realizačný projekt  |2 slo 
650 4 |a polyfunkcia  |2 slo 
650 4 |a apartment building  |2 eng 
650 4 |a construction execution project  |2 eng 
650 4 |a polyfunction  |2 eng 
700 1 |a Palková, Adela  |u 010180  |k Z1  |4 ths  |U SvF Stavebná fakulta  |T SvF Katedra konštrukcií pozemných stavieb  |X 38081  |U V180  |Y 18  |7 A000038081 
856 4 |u http://is.stuba.sk/zp/portal_zp.pl?podrobnosti=186109 
856 4 |u https://opac.crzp.sk/?fn=detailBiblioForm&sid=4013D2F8FE5692F45BCC2C4F6B33  |z CRZP